[Event "XXIV Festival A"]
[Site "Porto San Giorgio ITA"]
[Date "2013.08.28"]
[Round "8"]
[White "Naumkin, Igor"]
[Black "Chiaretti, Roberto"]
[WhiteElo "2445"]
[BlackElo "2212"]
[Result "1-0"]
[PlyCount "77"]
[EventDate "2013.08.21"]

1. d4 Nf6 2. c4 e6 3. Nf3 c5 4. d5 exd5 5. cxd5 d6 6. Nc3 g6 7. e4 a6 8. a4 Bg4
9. Be2 Bxf3 10. Bxf3 Nbd7 11. Bf4 Qe7 12. O-O Bg7 13. Qc2 O-O 14. a5 Rfe8 15.
h3 h5 16. Kh1 Nh7 17. Rae1 Be5 18. Bc1 Qh4 19. Bd1 Ndf6 20. f4 Bxc3 21. bxc3
Nxd5 22. Qd2 Ndf6 23. Bf3 Rad8 24. c4 Nf8 25. Kh2 Ng4+ 26. Kg1 Nf6 27. f5 Nxe4
28. Bxe4 Rxe4 29. Rxe4 Qxe4 30. Bb2 d5 31. cxd5 Rxd5 32. Qh6 Rd4 33. Bxd4 Qxd4+
34. Kh1 gxf5 35. Qg5+ Ng6 36. Qxf5 Qc4 37. Rb1 Nf4 38. Qg5+ Kf8 39. Rxb7 1-0

[Event "XXIV Festival A"]
[Site "Porto San Giorgio ITA"]
[Date "2013.08.29"]
[Round "9"]
[White "Aleksic, Nenad"]
[Black "Vezzosi, Paolo"]
[WhiteElo "2357"]
[BlackElo "2281"]
[Result "1-0"]
[PlyCount "53"]
[EventDate "2013.08.21"]

1. e4 e5 2. Nf3 Nc6 3. Nc3 Nf6 4. d4 exd4 5. Nxd4 Bb4 6. Nxc6 bxc6 7. Bd3 O-O
8. O-O d5 9. exd5 cxd5 10. h3 Be6 11. Qf3 Rb8 12. Ne2 Qd7 13. c3 Be7 14. Ng3 g6
15. b3 Rfd8 16. Bf4 Ne8 17. Rfe1 Bd6 18. Rad1 c6 19. Re2 Qc7 20. Bh6 Qe7 21.
Bc2 Bc5 22. Be3 Bxe3 23. Qxe3 Rd7 24. f4 Qf6 25. f5 gxf5 26. Nxf5 Bxf5 27. Qg3+
1-0

[Event "XXIV Festival A"]
[Site "Porto San Giorgio ITA"]
[Date "2013.08.29"]
[Round "9"]
[White "Baburin, Alexander E."]
[Black "Pescatore, Lorenzo"]
[WhiteElo "2520"]
[BlackElo "2210"]
[Result "1-0"]
[PlyCount "65"]
[EventDate "2013.08.21"]

1. d4 Nf6 2. c4 e6 3. Nc3 Bb4 4. Qc2 Nc6 5. Nf3 Qe7 6. a3 Bxc3+ 7. Qxc3 d6 8.
b4 e5 9. dxe5 Nxe5 10. Nxe5 Qxe5 11. Qxe5+ dxe5 12. Bb2 Nd7 13. c5 f6 14. g3 c6
15. f4 Ke7 16. e3 e4 17. Bg2 Re8 18. Bxe4 Nf8 19. Kf2 Kf7 20. Bc2 Bg4 21. h3
Rad8 22. Bc3 Be6 23. e4 g6 24. g4 Bc4 25. f5 Nd7 26. Rad1 Ne5 27. Ke3 Kg7 28.
Rxd8 Rxd8 29. g5 gxf5 30. gxf6+ Kxf6 31. Kf4 fxe4 32. Bxe5+ Ke6 33. Bd6 1-0

[Event "XXIV Festival A"]
[Site "Porto San Giorgio ITA"]
[Date "2013.08.29"]
[Round "9"]
[White "Bonafede, Alessandro"]
[Black "Moroni, Luca jr"]
[WhiteElo "2380"]
[BlackElo "2211"]
[Result "0-1"]
[PlyCount "50"]
[EventDate "2013.08.21"]

1. e4 c5 2. b3 Nc6 3. Bb2 d6 4. f4 e6 5. Nf3 Nf6 6. Qe2 Be7 7. g3 O-O 8. Bg2
Qc7 9. O-O Rb8 10. Nc3 a6 11. e5 dxe5 12. fxe5 Nd7 13. Ne4 b5 14. Nfg5 Ncxe5
15. Qh5 h6 16. Rxf7 Bxg5 17. Nxg5 Rxf7 18. Nxf7 Nxf7 19. Rf1 Nf8 20. Be4 Bb7
21. Bg6 Nxg6 22. Qxg6 e5 23. h4 Rf8 24. Rf6 Qd8 25. Rf2 Qd5 0-1

[Event "XXIV Festival A"]
[Site "Porto San Giorgio ITA"]
[Date "2013.08.29"]
[Round "9"]
[White "Eggleston, David J."]
[Black "Mchedlishvili, Mikheil"]
[WhiteElo "2363"]
[BlackElo "2633"]
[Result "0-1"]
[PlyCount "88"]
[EventDate "2013.08.21"]

1. e4 c5 2. Nf3 e6 3. d4 cxd4 4. Nxd4 a6 5. Nc3 d6 6. Bd3 Nf6 7. O-O Nbd7 8.
Be3 Qc7 9. f4 b5 10. a3 Bb7 11. Kh1 g6 12. f5 gxf5 13. exf5 Rg8 14. Be4 Nxe4
15. fxe6 Ndf6 16. Nxe4 Bxe4 17. Rxf6 Bxg2+ 18. Kg1 Bf3+ 19. Kf2 Bxd1 20. exf7+
Qxf7 21. Rxf7 Kxf7 22. Rxd1 Rg6 23. Ke2 Bh6 24. Rf1+ Kg8 25. Bg1 Rf8 26. Rd1
Rg2+ 27. Kd3 Bg7 28. Ne6 Rf5 29. Nxg7 Kxg7 30. Bd4+ Kf7 31. Kc3 Rxh2 32. Kb4
Rxc2 33. Bc3 Ke6 34. Ka5 h5 35. Rh1 b4+ 36. Kxb4 Rg2 37. a4 Rg4+ 38. Kb3 h4 39.
a5 Rf3 40. Re1+ Kd7 41. Rd1 Kc6 42. Re1 h3 43. Re8 h2 44. Rh8 Rg2 0-1

[Event "XXIV Festival A"]
[Site "Porto San Giorgio ITA"]
[Date "2013.08.29"]
[Round "9"]
[White "Petkov, Vladimir"]
[Black "Bruno, Fabio"]
[WhiteElo "2552"]
[BlackElo "2421"]
[Result "1/2-1/2"]
[PlyCount "79"]
[EventDate "2013.08.21"]

1. d4 d5 2. c4 e6 3. Nf3 c6 4. g3 dxc4 5. Bg2 b5 6. O-O Bb7 7. Nc3 Nf6 8. a4 b4
9. Nb1 Nbd7 10. Bg5 Be7 11. Nbd2 c5 12. Nxc4 O-O 13. Rc1 Rc8 14. Nfe5 Bd5 15.
Bxd5 exd5 16. Nxd7 Qxd7 17. Bxf6 Bxf6 18. dxc5 Rxc5 19. Ne5 Rxc1 20. Nxd7 Rxd1
21. Rxd1 Rc8 22. b3 Rc3 23. Rd3 Rxd3 24. Nxf6+ gxf6 25. exd3 Kg7 26. Kg2 Kg6
27. Kf3 Kf5 28. Ke3 Ke5 29. f4+ Ke6 30. Kd4 Kd6 31. g4 h6 32. a5 a6 33. h3 f5
34. Ke3 f6 35. Kf3 Kc5 36. Ke3 Kc6 37. Kf3 Kc5 38. Ke3 Kb5 39. Kd4 Kc6 40. Ke3
1/2-1/2

[Event "XXIV Festival A"]
[Site "Porto San Giorgio ITA"]
[Date "2013.08.29"]
[Round "9"]
[White "Schoorl, Rob"]
[Black "Cantoro, Daniele"]
[WhiteElo "2348"]
[BlackElo "2124"]
[Result "1/2-1/2"]
[PlyCount "48"]
[EventDate "2013.08.21"]

1. e4 c5 2. Nf3 Nc6 3. d4 cxd4 4. Nxd4 Nf6 5. Nc3 e5 6. Ndb5 d6 7. Bg5 a6 8.
Na3 b5 9. Bxf6 gxf6 10. Nd5 Bg7 11. c3 f5 12. exf5 Bxf5 13. Nc2 O-O 14. Nce3
Be6 15. Bd3 f5 16. O-O Ra7 17. a4 Ne7 18. Nxe7+ Rxe7 19. axb5 axb5 20. Bxb5 d5
21. Ra6 Kh8 22. Qa4 f4 23. Nc2 Bc8 24. Ra8 Re6 1/2-1/2

[Event "XXIV Festival A"]
[Site "Porto San Giorgio ITA"]
[Date "2013.08.29"]
[Round "9"]
[White "Stella, Andrea"]
[Black "Naumkin, Igor"]
[WhiteElo "2447"]
[BlackElo "2445"]
[Result "1/2-1/2"]
[PlyCount "53"]
[EventDate "2013.08.21"]

1. d4 Nf6 2. c4 e6 3. Nf3 b6 4. g3 Bb7 5. Bg2 Be7 6. O-O O-O 7. Re1 d5 8. cxd5
exd5 9. Nc3 Na6 10. Bf4 c5 11. dxc5 Nxc5 12. Rc1 a5 13. Bh3 Nfe4 14. Nd4 Bg5
15. Bxg5 Qxg5 16. Nf3 Qh6 17. Bg2 Rad8 18. Qd4 Rd6 19. Nb5 Rf6 20. Nc3 Rd6 21.
Nh4 Rf6 22. Nxd5 Bxd5 23. Qxd5 Nxf2 24. Nf5 Nh3+ 25. Kh1 Nf2+ 26. Kg1 Nh3+ 27.
Kh1 1/2-1/2

[Event "XXIV Festival A"]
[Site "Porto San Giorgio ITA"]
[Date "2013.08.29"]
[Round "9"]
[White "Valsecchi, Alessio"]
[Black "Dvirnyy, Danyyil"]
[WhiteElo "2412"]
[BlackElo "2549"]
[Result "1/2-1/2"]
[PlyCount "22"]
[EventDate "2013.08.21"]

1. d4 d5 2. c4 c6 3. cxd5 cxd5 4. Nc3 Nf6 5. Bf4 Nc6 6. Nf3 Bf5 7. e3 a6 8. Bd3
Bxd3 9. Qxd3 e6 10. O-O Bd6 11. Bxd6 Qxd6 1/2-1/2

[Event "C.to Provinciale AP-FM"]
[Site "Porto Sant'Elpidio ITA"]
[Date "2013.01.19"]
[Round "1"]
[White "Ceschini, Edoardo"]
[Black "Serafini, Gino"]
[WhiteElo "1413"]
[BlackElo "1851"]
[Result "0-1"]
[PlyCount "93"]
[EventDate "2013.01.19"]

1. d4 Nf6 2. c4 d6 3. Nc3 g6 4. e4 Bg7 5. Nf3 Nc6 6. Be2 O-O 7. O-O e5 8. dxe5
dxe5 9. Qxd8 Rxd8 10. Bg5 Be6 11. a3 h6 12. Bxf6 Bxf6 13. Nd5 Bxd5 14. cxd5 Nd4
15. Bd1 c6 16. dxc6 bxc6 17. Rc1 Rab8 18. b4 Rd6 19. h3 Rbd8 20. Nh2 Nb5 21. a4
Nd4 22. Ng4 Bg7 23. Ne3 Rb8 24. Rc4 f5 25. exf5 gxf5 26. f4 e4 27. g4 fxg4 28.
hxg4 Rbd8 29. Kg2 Kh7 30. Nc2 Nb3 31. Ne3 Nd2 32. Bc2 Nxc4 33. Bxe4+ Kh8 34.
Nxc4 Rd4 35. Bxc6 Rxc4 36. b5 Rxa4 37. Rf2 Rb4 38. Kg3 Rb3+ 39. Kg2 Bc3 40. Rf3
Rd2+ 41. Kg3 Rd3 42. Rxd3 Be1+ 43. Kg2 Rxd3 44. Kg1 Bg3 45. f5 Bf4 46. Kg2 Rg3+
47. Kf2 0-1

[Event "C.to Provinciale AP-FM"]
[Site "Porto Sant'Elpidio ITA"]
[Date "2013.01.19"]
[Round "1"]
[White "Giobbi, Costantino"]
[Black "Censi, Cesare"]
[WhiteElo "1854"]
[BlackElo "1497"]
[Result "1-0"]
[PlyCount "79"]
[EventDate "2013.01.19"]

1. d4 c5 2. e3 d6 3. Nf3 Nf6 4. dxc5 Qa5+ 5. Nc3 Qxc5 6. Qd4 Qxd4 7. Nxd4 a6 8.
g3 e5 9. Nb3 Nc6 10. Bg2 Be7 11. a3 O-O 12. Bd2 Bd8 13. f3 h6 14. O-O-O Bd7 15.
e4 b5 16. Be3 Bc7 17. Na2 Be6 18. Kb1 a5 19. f4 a4 20. Nbc1 Rab8 21. Nb4 Nxb4
22. axb4 Bb6 23. Rhe1 Rfd8 24. fxe5 Ne8 25. exd6 Rxd6 26. Rxd6 Bxe3 27. Rxe6
fxe6 28. Rxe3 Nf6 29. e5 Nd7 30. Nd3 Nb6 31. Nc5 Nc4 32. Re2 Kf7 33. Bf3 a3 34.
b3 Nb6 35. Bg4 Ke7 36. Bxe6 Rd8 37. Rf2 Rd1+ 38. Ka2 Re1 39. Rf7+ Ke8 40. Rb7
1-0

[Event "C.to Provinciale AP-FM"]
[Site "Porto Sant'Elpidio ITA"]
[Date "2013.01.19"]
[Round "1"]
[White "Guglielmi, Dante"]
[Black "Silvestri, Giorgio"]
[WhiteElo "1917"]
[BlackElo "1718"]
[Result "1-0"]
[PlyCount "164"]
[EventDate "2013.01.19"]

1. c4 Nf6 2. Nc3 c5 3. g3 g6 4. Bg2 Bg7 5. e3 O-O 6. Nge2 Nc6 7. O-O d6 8. d4
Rb8 9. b3 Bd7 10. Bb2 Qc8 11. Re1 Rd8 12. Qd2 a6 13. Nf4 b5 14. cxb5 axb5 15.
Ncd5 Nxd5 16. Nxd5 c4 17. Rec1 e6 18. Nf4 d5 19. e4 dxe4 20. Bxe4 Qa6 21. a4
cxb3 22. axb5 Qxb5 23. Rc5 Qb6 24. Rac1 Nb4 25. Qe3 Na2 26. Rb1 Bf8 27. Nd3 Bg7
28. Qf4 Be8 29. Ne5 Rbc8 30. Qe3 Qb4 31. Nd3 Qb8 32. Rxc8 Rxc8 33. Nc5 Rd8 34.
Nxb3 Nb4 35. Nc5 Qc8 36. Rc1 Qb8 37. Bc3 Nd5 38. Bxd5 Rxd5 39. Qe4 Qd8 40. Nb3
Ba4 41. Nc5 Be8 42. Nb3 Bc6 43. Bb2 Qa8 44. Qe3 Ba4 45. Nc5 Rxc5 46. Rxc5 Bc6
47. Qc3 Bb7 48. Qa5 Qxa5 49. Rxa5 h6 50. Kf1 Bd5 51. Ke2 Bf6 52. Kd3 Kg7 53.
Ba3 Bf3 54. Bd6 g5 55. Be5 Bh5 56. f4 Bg6+ 57. Ke3 Bc2 58. Rc5 Bf5 59. d5 Bxe5
60. fxe5 exd5 61. Rxd5 Be6 62. Rd6 h5 63. Rb6 Kg6 64. h4 gxh4 65. gxh4 Kf5 66.
Rb5 Kg4 67. Rb4+ Kf5 68. Kd4 Kf4 69. Ra4 Kf5 70. Ra1 Kg4 71. Rh1 Kg3 72. Ke4
Kg4 73. Kd4 Bb3 74. Kc5 Be6 75. Kd6 Bb3 76. Ke7 Be6 77. Rf1 Kxh4 78. Rxf7 Bg4
79. Kf6 Kg3 80. Kg5 h4 81. Rf4 h3 82. Rxg4+ Kh2 1-0

[Event "C.to Provinciale AP-FM"]
[Site "Porto Sant'Elpidio ITA"]
[Date "2013.01.19"]
[Round "1"]
[White "Marinucci, Johnny"]
[Black "Balzano, Filli"]
[WhiteElo "1728"]
[BlackElo "1924"]
[Result "0-1"]
[PlyCount "118"]
[EventDate "2013.01.19"]

1. d4 d5 2. Bf4 Nf6 3. e3 c5 4. c3 Nc6 5. Bd3 Qb6 6. Qc2 c4 7. Be2 Bf5 8. Qc1
e6 9. Nf3 h6 10. h3 Qd8 11. Nbd2 b5 12. O-O b4 13. Ne5 Rc8 14. Nxc6 Rxc6 15.
Nf3 bxc3 16. Qxc3 Ne4 17. Qc1 Bd6 18. Ne5 Bxe5 19. Bxe5 O-O 20. f3 Nf6 21. Qc3
Nd7 22. Bg3 Qb6 23. Rfc1 Rfc8 24. Bd1 Qa6 25. Be2 Bd3 26. Bd1 Bg6 27. Qd2 Nb6
28. Rc3 Qa5 29. Qc1 Nd7 30. Ra3 Qb4 31. Ra4 Qb7 32. Qc3 Rb6 33. Qa3 Ra8 34. b3
c3 35. Rc1 Rc6 36. Be2 Nb6 37. Ra6 c2 38. Bb5 Rc3 39. Qa5 Qc8 40. Be1 Rc7 41.
Bb4 Qd8 42. Bc5 Nd7 43. Bxa7 Qc8 44. Bb6 Nxb6 45. Qxb6 Rb7 46. Rxa8 Qxa8 47.
Qc6 Qa3 48. Rxc2 Rxb5 49. Qe8+ Qf8 50. Qxb5 Bxc2 51. b4 Qa8 52. Qc5 Qxa2 53. b5
Qb1+ 54. Kh2 Bd3 55. b6 Kh7 56. Qc7 Ba6 57. h4 Qb2 58. h5 Bf1 59. Qg3 Qxb6 0-1

[Event "C.to Provinciale AP-FM"]
[Site "Porto Sant'Elpidio ITA"]
[Date "2013.01.19"]
[Round "1"]
[White "Miandro, Roberto"]
[Black "Santinelli, Michele"]
[WhiteElo "2076"]
[BlackElo "1802"]
[Result "1/2-1/2"]
[PlyCount "134"]
[EventDate "2013.01.19"]

1. c4 Nf6 2. Nf3 e6 3. b3 Be7 4. Bb2 d5 5. g3 O-O 6. Bg2 c6 7. O-O Nbd7 8. d3
Qc7 9. Nbd2 Re8 10. Rc1 Bd6 11. h3 Ne5 12. Nd4 Qe7 13. Nc2 Ng6 14. f4 Nh5 15.
Qe1 Bd7 16. e3 Nf6 17. d4 c5 18. Qf2 Bc6 19. dxc5 Bxc5 20. Bd4 e5 21. Bxc5 Qxc5
22. f5 Nf8 23. Rfd1 Rad8 24. b4 Qe7 25. b5 Bd7 26. cxd5 Bxb5 27. e4 b6 28. Ne3
Rc8 29. g4 N8d7 30. Nb3 Qd6 31. Bf3 h6 32. h4 Nc5 33. Nxc5 Rxc5 34. Rxc5 bxc5
35. Rc1 Rb8 36. g5 hxg5 37. hxg5 Nd7 38. Qh4 Bd3 39. Kg2 Rb2+ 40. Kg3 Rb1 41.
Rxb1 Bxb1 42. Qh2 Qa6 43. Qb2 Bxa2 44. Be2 c4 45. Qc3 Qb6 46. Nxc4 Qb3 47. Qxb3
Bxb3 48. Na5 Bc2 49. Bf3 Nc5 50. Nc6 a6 51. Kf2 Bxe4 52. Ke3 Bxf5 53. Ne7+ Kf8
54. Nxf5 a5 55. d6 g6 56. Ng3 a4 57. Bd5 a3 58. Ne4 Nd7 59. Ba2 Kg7 60. Kf3 Kf8
61. Nc3 f5 62. gxf6 Nxf6 63. Nb5 Ke8 64. Be6 a2 65. Bxa2 Kd7 66. Bf7 Kc6 67.
Bc4 Ne8 1/2-1/2

[Event "C.to Provinciale AP-FM"]
[Site "Porto Sant'Elpidio ITA"]
[Date "2013.01.19"]
[Round "1"]
[White "Renzetti, Leonardo"]
[Black "Rinaudo, Andrea"]
[WhiteElo "1771"]
[BlackElo "2060"]
[Result "0-1"]
[PlyCount "64"]
[EventDate "2013.01.19"]

1. d4 d5 2. c4 e6 3. Nc3 Nf6 4. cxd5 exd5 5. Bg5 Be7 6. Qc2 c6 7. e3 O-O 8. Bd3
h6 9. Bh4 Re8 10. Nge2 Ne4 11. Bxe7 Qxe7 12. Bxe4 dxe4 13. O-O Na6 14. Rfd1 Nb4
15. Qd2 Bg4 16. h3 Bxe2 17. Qxe2 Rad8 18. a3 Nd5 19. Nxd5 Rxd5 20. Qg4 Rg5 21.
Qf4 Qd7 22. Qh2 Re6 23. Kh1 Reg6 24. Rg1 Qf5 25. Raf1 Qb5 26. b4 Qf5 27. a4 Qd5
28. Qb8+ Kh7 29. Qxb7 Qe6 30. Kh2 Rh5 31. Rh1 Rxh3+ 32. Kg1 Rxg2+ 0-1

[Event "C.to Provinciale AP-FM"]
[Site "Porto Sant'Elpidio ITA"]
[Date "2013.01.19"]
[Round "1"]
[White "Vannicola, Roberto"]
[Black "Miandro, Steven"]
[WhiteElo "1525"]
[BlackElo "1871"]
[Result "1/2-1/2"]
[PlyCount "119"]
[EventDate "2013.01.19"]

1. c4 e5 2. Nc3 Nf6 3. g3 Bb4 4. Bg2 O-O 5. e3 Re8 6. Nge2 c6 7. a3 Bf8 8. O-O
d6 9. b4 Be6 10. d3 d5 11. cxd5 Nxd5 12. Nxd5 Bxd5 13. Nc3 Bxg2 14. Kxg2 Nd7
15. e4 Nb6 16. Be3 Qd7 17. Qc2 Red8 18. Rfd1 Qe6 19. Na4 Nxa4 20. Qxa4 a6 21.
Qc2 Rd7 22. Rd2 g6 23. Rad1 Bg7 24. Qc4 Qe8 25. Qb3 h6 26. f3 Kh7 27. d4 exd4
28. Bxd4 Bxd4 29. Rxd4 Rad8 30. Rxd7 Rxd7 31. Rxd7 Qxd7 32. Qa2 Kg8 33. Kf2
Qd4+ 34. Kg2 Kf8 35. Qf2 Qd3 36. Qa2 Ke7 37. Qb2 Qd6 38. Kf2 b6 39. Ke3 c5 40.
Qd2 Qxd2+ 41. Kxd2 cxb4 42. axb4 a5 43. Kc3 Kd6 44. bxa5 bxa5 45. Kc4 f5 46.
exf5 gxf5 47. f4 a4 48. Kb4 Kd5 49. Kxa4 Ke4 50. Kb4 Kf3 51. Kc4 Kg2 52. Kd4
Kxh2 53. Ke5 Kxg3 54. Kxf5 h5 55. Kg5 h4 56. f5 h3 57. f6 h2 58. f7 h1=Q 59.
f8=Q Qh4+ 60. Kg6 1/2-1/2

[Event "C.to Provinciale AP-FM"]
[Site "Porto Sant'Elpidio ITA"]
[Date "2013.01.20"]
[Round "2"]
[White "Balzano, Filli"]
[Black "Giobbi, Costantino"]
[WhiteElo "1924"]
[BlackElo "1854"]
[Result "0-1"]
[PlyCount "64"]
[EventDate "2013.01.19"]

1. e4 c5 2. c3 d6 3. d4 Nf6 4. Bd3 e5 5. d5 Be7 6. h3 Nbd7 7. Nf3 Nf8 8. O-O
Ng6 9. a4 O-O 10. Na3 Bd7 11. Re1 a6 12. Bd2 Rb8 13. b4 cxb4 14. cxb4 Nh5 15.
Bf1 Nhf4 16. Kh2 f5 17. exf5 Bxf5 18. Qb3 Bf6 19. g3 e4 20. Rad1 exf3 21. Bxf4
Nxf4 22. gxf4 Qb6 23. Re3 Bh4 24. Nc4 Qd8 25. Bd3 Bxd3 26. Rdxd3 Rxf4 27. Rxf3
Qf6 28. Kg2 Rf8 29. Na5 Qg6+ 30. Kf1 Qxd3+ 31. Rxd3 Rxf2+ 32. Kg1 Rf1+ 0-1

[Event "C.to Provinciale AP-FM"]
[Site "Porto Sant'Elpidio ITA"]
[Date "2013.01.20"]
[Round "2"]
[White "Censi, Cesare"]
[Black "Marinucci, Johnny"]
[WhiteElo "1497"]
[BlackElo "1728"]
[Result "1-0"]
[PlyCount "52"]
[EventDate "2013.01.19"]

1. e4 Nf6 2. d3 d5 3. exd5 Nxd5 4. h3 g6 5. Nf3 Bg7 6. Be2 O-O 7. O-O c5 8.
Nbd2 Nc6 9. a3 Nb6 10. Rb1 Na4 11. c4 Nb6 12. Ne4 Nd7 13. Bd2 f5 14. Nc3 Nde5
15. Bf4 Nxf3+ 16. Bxf3 e5 17. Be3 Nd4 18. Bxd4 cxd4 19. Nd5 Bd7 20. b4 Re8 21.
b5 Be6 22. a4 Bf7 23. Re1 Kh8 24. b6 axb6 25. Nxb6 Ra6 26. Nd5 Qe7 1-0

[Event "C.to Provinciale AP-FM"]
[Site "Porto Sant'Elpidio ITA"]
[Date "2013.01.20"]
[Round "2"]
[White "Gasparroni, Riccardo"]
[Black "Ceschini, Edoardo"]
[WhiteElo "1747"]
[BlackElo "1413"]
[Result "1-0"]
[PlyCount "77"]
[EventDate "2013.01.19"]

1. e4 e6 2. d3 d5 3. Nd2 c5 4. g3 Nc6 5. Bg2 g6 6. f4 Bg7 7. e5 Nge7 8. Nb3 b6
9. Nf3 Nf5 10. g4 Nh4 11. Qe2 Nxf3+ 12. Bxf3 c4 13. dxc4 Bb7 14. cxd5 exd5 15.
Be3 O-O 16. O-O a5 17. Rad1 Ba6 18. Qf2 Bxf1 19. Rxd5 Qe8 20. Kxf1 Rb8 21. Rd6
Nb4 22. a3 Na6 23. Bxb6 Qc8 24. Nxa5 Rxb6 25. Rxb6 Nc5 26. Rc6 Qb8 27. Qxc5 Rd8
28. Nc4 Bf8 29. Qb6 Qxb6 30. Rxb6 Rc8 31. Bd5 Bc5 32. Rb7 Rf8 33. Nd6 Bxd6 34.
exd6 Kg7 35. Re7 h5 36. d7 Rd8 37. Rxf7+ Kh8 38. Re7 hxg4 39. Re8+ 1-0

[Event "C.to Provinciale AP-FM"]
[Site "Porto Sant'Elpidio ITA"]
[Date "2013.01.20"]
[Round "2"]
[White "Rinaudo, Andrea"]
[Black "Guglielmi, Dante"]
[WhiteElo "2060"]
[BlackElo "1917"]
[Result "1-0"]
[PlyCount "71"]
[EventDate "2013.01.19"]

1. e4 c5 2. Nf3 d6 3. Bb5+ Bd7 4. Bxd7+ Nxd7 5. O-O Ngf6 6. Re1 e6 7. c4 Be7 8.
Nc3 O-O 9. d4 cxd4 10. Nxd4 Ne5 11. b3 Qa5 12. Bb2 Nc6 13. Nxc6 bxc6 14. Qf3
Qh5 15. Qd3 Ng4 16. h3 Ne5 17. Qe3 Ng6 18. Ne2 Qh4 19. f4 e5 20. f5 Bg5 21. Qf3
Nf4 22. Nxf4 Bxf4 23. Red1 Rad8 24. Rd3 Rd7 25. g3 Bxg3 26. Qxg3 Qxe4 27. Qf3
Qh4 28. Bxe5 Re8 29. Qg3 Qh6 30. Bxd6 Qf6 31. Rf1 h5 32. c5 Re4 33. Re3 Qd4 34.
Rfe1 h4 35. Qf3 Re8 36. Qf2 1-0

[Event "C.to Provinciale AP-FM"]
[Site "Porto Sant'Elpidio ITA"]
[Date "2013.01.20"]
[Round "2"]
[White "Santinelli, Michele"]
[Black "Vannicola, Roberto"]
[WhiteElo "1802"]
[BlackElo "1525"]
[Result "1-0"]
[PlyCount "143"]
[EventDate "2013.01.19"]

1. d4 Nf6 2. Nd2 e6 3. e4 c6 4. Ngf3 d5 5. e5 Nfd7 6. Bd3 Be7 7. c3 c5 8. O-O
cxd4 9. cxd4 b6 10. Qc2 Ba6 11. Re1 Bxd3 12. Qxd3 Qc8 13. b3 Qa6 14. Qc2 O-O
15. Nf1 Rc8 16. Qe2 Qxe2 17. Rxe2 Na6 18. a3 Rc7 19. Bb2 Rac8 20. Ne3 Nab8 21.
h3 Nc6 22. Rc2 Na5 23. Rxc7 Rxc7 24. Nd2 Bg5 25. Rc1 Rxc1+ 26. Bxc1 Nc6 27. Nf3
Be7 28. g3 a6 29. Bb2 Na5 30. Nd2 b5 31. f4 g6 32. Nc2 Nc6 33. Kf2 a5 34. Nf3
b4 35. a4 h6 36. Bc1 Kg7 37. g4 Nf8 38. Ne3 Bd8 39. f5 Bb6 40. Bb2 g5 41. Ke2
Nd7 42. Kd3 Bd8 43. Bc1 Bb6 44. Ng2 Bd8 45. h4 gxh4 46. f6+ Kh7 47. Nfxh4 Bb6
48. Nf3 Nf8 49. Nf4 Ng6 50. Nh5 Nd8 51. Ng7 Nc6 52. Be3 Nd8 53. Ne8 Nc6 54. Nd6
Kg8 55. Bxh6 Bc7 56. Ne8 Bxe5 57. dxe5 Ncxe5+ 58. Nxe5 Nxe5+ 59. Kd4 Nxg4 60.
Bg5 Kh7 61. Nd6 Kg6 62. Bh4 Nxf6 63. Bxf6 Kxf6 64. Nb7 Kf5 65. Nxa5 e5+ 66.
Kxd5 e4 67. Nc4 Kf4 68. Kd4 f5 69. Ne3 Kg5 70. a5 f4 71. a6 fxe3 72. Kxe3 1-0

[Event "C.to Provinciale AP-FM"]
[Site "Porto Sant'Elpidio ITA"]
[Date "2013.01.20"]
[Round "2"]
[White "Serafini, Gino"]
[Black "Sagripanti, Michele"]
[WhiteElo "1851"]
[BlackElo "2040"]
[Result "1/2-1/2"]
[PlyCount "67"]
[EventDate "2013.01.19"]

1. e4 g6 2. d4 Bg7 3. Nf3 c5 4. Nc3 cxd4 5. Nxd4 Nc6 6. Be3 d6 7. a3 Nf6 8. Be2
O-O 9. O-O Nxd4 10. Bxd4 Be6 11. f4 Qc8 12. h3 Bc4 13. Bf2 Qc6 14. Bxc4 Qxc4
15. Qf3 e6 16. Rad1 Qc6 17. Rd3 Rfd8 18. Rfd1 Ne8 19. Kh2 f5 20. Qe2 Bxc3 21.
Rxc3 Qxe4 22. Re3 Qxf4+ 23. Bg3 Qh6 24. Rxe6 Qf8 25. Re7 Qf6 26. Bf2 d5 27. Bd4
Qd6+ 28. Kh1 Kf8 29. Re1 Rac8 30. Qe3 f4 31. Qf2 Rd7 32. Rxe8+ Rxe8 33. Bc5
Rxe1+ 34. Kh2 1/2-1/2

[Event "C.to Provinciale AP-FM"]
[Site "Porto Sant'Elpidio ITA"]
[Date "2013.01.20"]
[Round "2"]
[White "Silvestri, Giorgio"]
[Black "Renzetti, Leonardo"]
[WhiteElo "1718"]
[BlackElo "1771"]
[Result "0-1"]
[PlyCount "62"]
[EventDate "2013.01.19"]

1. d4 Nf6 2. c4 g6 3. Nf3 Bg7 4. e3 O-O 5. Be2 d6 6. O-O Nbd7 7. Qc2 e5 8. Nc3
Qe7 9. dxe5 dxe5 10. e4 b6 11. a4 a5 12. Bg5 Bb7 13. Rac1 Nc5 14. Nd5 Bxd5 15.
exd5 Qd6 16. Rcd1 Rae8 17. Be3 Nfd7 18. g3 f5 19. Nd2 Na6 20. Rfe1 Ndc5 21.
Bxc5 Nxc5 22. Nb1 e4 23. Na3 e3 24. f3 f4 25. Nb5 Qd8 26. Kg2 Be5 27. d6 cxd6
28. Rd5 fxg3 29. h3 Qf6 30. Red1 Rd8 31. b3 Ne6 0-1

[Event "C.to Provinciale AP-FM"]
[Site "Porto Sant'Elpidio ITA"]
[Date "2013.01.20"]
[Round "3"]
[White "Censi, Cesare"]
[Black "Miandro, Steven"]
[WhiteElo "1497"]
[BlackElo "1871"]
[Result "0-1"]
[PlyCount "94"]
[EventDate "2013.01.19"]

1. e4 c5 2. c4 Nc6 3. d3 e5 4. Be3 d6 5. Nf3 h6 6. Be2 Nf6 7. h3 Be7 8. O-O O-O
9. Nc3 Bd7 10. a3 a6 11. Rb1 Nd4 12. Bxd4 cxd4 13. Nd5 Nxd5 14. cxd5 f5 15. Nh2
fxe4 16. dxe4 b5 17. Bg4 Bg5 18. b4 Rc8 19. Rb3 Rc7 20. Bxd7 Qxd7 21. Rf3 Rfc8
22. Rf5 Rc3 23. Qg4 Qd8 24. Rf3 Qe7 25. g3 R8c7 26. h4 Bc1 27. Qg6 Rxf3 28.
Nxf3 Bxa3 29. Kg2 Bxb4 30. h5 Qf7 31. Qg4 a5 32. Nh4 a4 33. Nf5 Kh7 34. f4 g6
35. hxg6+ Qxg6 36. Qxg6+ Kxg6 37. fxe5 dxe5 38. Rh1 Rh7 39. Rb1 a3 40. Nh4+ Kg5
41. Nf3+ Kf6 42. Rf1 Ke7 43. Nxe5 Bc3 44. Nc6+ Kd6 45. Rf2 d3 46. Ra2 d2 47.
Rxa3 d1=Q 0-1

[Event "C.to Provinciale AP-FM"]
[Site "Porto Sant'Elpidio ITA"]
[Date "2013.01.20"]
[Round "3"]
[White "Ceschini, Edoardo"]
[Black "Silvestri, Giorgio"]
[WhiteElo "1413"]
[BlackElo "1718"]
[Result "0-1"]
[PlyCount "74"]
[EventDate "2013.01.19"]

1. d4 Nf6 2. c4 g6 3. Nc3 Bg7 4. e4 d6 5. f3 O-O 6. Be3 c6 7. Qd2 e5 8. O-O-O
Qc7 9. Nge2 Nbd7 10. Bh6 a6 11. Bxg7 Kxg7 12. h4 h5 13. Rg1 b5 14. g4 Nb6 15.
gxh5 Nxh5 16. Ng3 Nf4 17. h5 Rh8 18. h6+ Kf8 19. Rh1 f6 20. Nge2 Nxc4 21. Qe1
Ne3 22. Nxf4 exf4 23. Rd2 b4 24. Na4 Be6 25. b3 Bd7 26. Bd3 c5 27. dxc5 Bxa4
28. Qh4 g5 29. Qf2 Bb5 30. h7 Qxc5+ 31. Kb2 Qd4+ 32. Kb1 Bxd3+ 33. Rxd3 Qxd3+
34. Kb2 Rc8 35. Rc1 Rxc1 36. Kxc1 Rxh7 37. Qb2 Qd1# 0-1

[Event "C.to Provinciale AP-FM"]
[Site "Porto Sant'Elpidio ITA"]
[Date "2013.01.20"]
[Round "3"]
[White "Giobbi, Costantino"]
[Black "Rinaudo, Andrea"]
[WhiteElo "1854"]
[BlackElo "2060"]
[Result "0-1"]
[PlyCount "46"]
[EventDate "2013.01.19"]

1. d4 d5 2. c4 e6 3. Nc3 Nf6 4. Nf3 Nbd7 5. g3 dxc4 6. Bg2 Be7 7. O-O O-O 8. e4
Nb6 9. Qe2 h6 10. Rd1 a6 11. Ne5 Bd7 12. a4 a5 13. Bf4 Qe8 14. Nxc4 Nxa4 15.
Qc2 Nxc3 16. Qxc3 Bb4 17. Qc1 Bb5 18. b3 Qe7 19. Rd3 Rfd8 20. Qd1 a4 21. Rxa4
Rxa4 22. bxa4 Bxc4 23. Re3 e5 0-1

[Event "C.to Provinciale AP-FM"]
[Site "Porto Sant'Elpidio ITA"]
[Date "2013.01.20"]
[Round "3"]
[White "Guglielmi, Dante"]
[Black "Gasparroni, Riccardo"]
[WhiteElo "1917"]
[BlackElo "1747"]
[Result "1/2-1/2"]
[PlyCount "95"]
[EventDate "2013.01.19"]

1. c4 f5 2. Nc3 Nf6 3. g3 g6 4. Bg2 Bg7 5. d4 c6 6. Nf3 O-O 7. O-O Ne4 8. Qb3
Qb6 9. Rd1 Qxb3 10. axb3 Nxc3 11. bxc3 d6 12. Ba3 f4 13. c5 d5 14. Bc1 fxg3 15.
hxg3 Bf5 16. Nd2 Bc2 17. Re1 e5 18. Ra2 Bf5 19. Bb2 exd4 20. cxd4 Na6 21. Bc3
Nc7 22. e3 Ne6 23. b4 Ng5 24. e4 dxe4 25. Nxe4 Nxe4 26. Bxe4 Bxe4 27. Rxe4 a6
28. Rae2 Rad8 29. Re7 Rf7 30. R2e4 Rd7 31. Rxf7 Kxf7 32. Kf1 Re7 33. f3 g5 34.
Ke2 h5 35. Ke3 Bf6 36. Rxe7+ Kxe7 37. Ke4 Ke6 38. Bd2 Be7 39. f4 gxf4 40. gxf4
h4 41. f5+ Kf6 42. Bf4 h3 43. Bg3 Kg5 44. Ke5 Bf6+ 45. Ke4 Kg4 46. Bh2 Kg5 47.
Bg3 Kg4 48. Bh2 1/2-1/2